Representaciones sociales acerca de las figuras de padrastro y madrastra /

El aumento de separaciones acaecido en las últimas décadas en España ha impulsado la proliferación de estructuras familiares no convencionales como las familias reconstituidas. La dinámica de dichas familias es compleja debido, entre otros factores, a las nuevas relaciones que se establecen entre lo...

Descripción completa

Detalles Bibliográficos
Autor principal: Triana, Beatriz
Otros Autores: Hernández, Juan-Andrés, Plasencia, Sonia
Formato: Analitica de revista
Lenguaje:español
Publicado: Madrid Fundación Infancia y Aprendizaje 2009
Materias:

MARC

LEADER 00000cab a2200000 a 4500
001 026595
003 UAHC_CL
005 20180816114100.0
008 091216b sp 000 spa
952 |0 0  |1 0  |4 0  |6 C__E04_09_000000000000000  |7 0  |8 General  |9 53505  |a BC  |b BC  |c General  |d 2017-08-03  |l 0  |o C & E-04/09  |p FICTICIO1362  |r 2019-01-08 00:00:00  |t 1  |w 2017-08-03  |y REVA 
999 |c 26595  |d 26595 
037 |a Fundación Infancia y Aprendizaje: Crtra. de Canillas, 138, 16 C, 28043. Tf. 7596892; Fax: 3003527; correo electrónico: fundacionia@fia.es 
037 |a Fundación Infancia y Aprendizaje: Crtra. de Canillas, 138, 16 C, 28043. Tf. 7596892; Fax: 3003527; correo electrónico: fundacionia@fia.es 
040 |a UAHC_CL  |c UAHC_CL  |d UAHC_CL 
100 1 |a Triana, Beatriz 
245 1 0 |a Representaciones sociales acerca de las figuras de padrastro y madrastra /  |c Beatriz Triana, Sonia Plasencia, Juan-Andrés Hernández. 
260 |b Fundación Infancia y Aprendizaje  |a Madrid  |c 2009 
300 |a pp. 429-439 
310 |a Trimestral 
500 |a En: C & E, n¼04, vol. 21, 2009. pp. 429-439. ISSN 11356405. 
520 |a El aumento de separaciones acaecido en las últimas décadas en España ha impulsado la proliferación de estructuras familiares no convencionales como las familias reconstituidas. La dinámica de dichas familias es compleja debido, entre otros factores, a las nuevas relaciones que se establecen entre los padrastros/madrastras y sus hijastros. El objetivo de este estudio consistió en explorar la elaboración que distintas generaciones han realizado respecto a los conceptos de padrastro y de madrastra, acorde a los cambios sociales. En el estudio colaboraron 593 participantes, de ambos sexos, distribuidos según su grupo de edad (adolescentes, jóvenes, adultos y mayores), y según tengan o no experiencia personal de ruptura familiar. Todos ellos respondieron a una entrevista abierta sobre el tema. Las variables exploradas ejercen algunos efectos puntuales. Además, los resultados muestran que los conceptos estudiados se relacionan principalmente con el subsistema de pareja. Ello puede relacionarse con las dificultades observadas entre los padrastros/madrastras y sus hijastros. En consecuencia, se debería promover una mayor claridad y concreción de dichos conceptos en la sociedad, para generar expectativas más ajustadas respecto a dichas figuras y a los roles que deben desempeñar en el seno familiar, facilitando así las relaciones familiares. 
650 4 |a madrastra 
650 4 |a padrastro 
700 1 |a Hernández, Juan-Andrés 
700 1 |a Plasencia, Sonia 
700 1 |a Hernández, Juan-Andrés 
773 0 |t C&E : cultura y educación, revista de teoría, investigación y práctica  |w 026402 
900 |a C & E-04/09 
942 |c REVA  |2 ddc